<?xml version="1.0" encoding="UTF-8"?>
<resp>
  <nextPage>https://data.bn.org.pl/api/networks/bibs.marcxml?marc=001+b0000610000081&amp;sinceId=610000082</nextPage>
  <collection>
    <record xmlns='http://www.loc.gov/MARC21/slim'><leader>01934nam a2200565 i 4500</leader><controlfield tag='001'>b0000610000081</controlfield><controlfield tag='005'>20241203215220.0</controlfield><controlfield tag='008'>210623s1999    pl a         |000 j pol  </controlfield><controlfield tag='009'>9912835217205606</controlfield><datafield ind1=' ' ind2=' ' tag='020'><subfield code='a'>8385497862</subfield></datafield><datafield ind1=' ' ind2=' ' tag='035'><subfield code='a'>PAR_3PAR_3_1843-48omnis_par</subfield></datafield><datafield ind1=' ' ind2=' ' tag='035'><subfield code='a'>(ATEO_Group)PAR_3_1843</subfield></datafield><datafield ind1=' ' ind2=' ' tag='035'><subfield code='a'>MD..20210623135019062270.</subfield></datafield><datafield ind1=' ' ind2=' ' tag='035'><subfield code='a'>(PL)b0000610000081</subfield></datafield><datafield ind1=' ' ind2=' ' tag='040'><subfield code='a'>PAR_3</subfield><subfield code='c'>PAR_3</subfield><subfield code='d'>WA N</subfield></datafield><datafield ind1=' ' ind2=' ' tag='080'><subfield code='a'>L</subfield></datafield><datafield ind1='1' ind2=' ' tag='100'><subfield code='a'>Prus, Bolesław</subfield><subfield code='d'>(1847-1912)</subfield></datafield><datafield ind1='1' ind2='0' tag='245'><subfield code='a'>Antek ;</subfield><subfield code='b'>Katarynka ; Z legend dawnego Egiptu /</subfield><subfield code='c'>Bolesław Prus ; [il. Krystyna Gorecka-Wencel].</subfield></datafield><datafield ind1=' ' ind2=' ' tag='250'><subfield code='a'>[Wyd. 3].</subfield></datafield><datafield ind1=' ' ind2=' ' tag='260'><subfield code='a'>Warszawa :</subfield><subfield code='b'>&quot;Kama&quot;,</subfield><subfield code='c'>1999</subfield></datafield><datafield ind1=' ' ind2=' ' tag='300'><subfield code='a'>63, [1] s. :</subfield><subfield code='b'>il. ;</subfield><subfield code='c'>21 cm.</subfield></datafield><datafield ind1=' ' ind2=' ' tag='336'><subfield code='a'>Tekst</subfield><subfield code='b'>txt</subfield><subfield code='2'>rdacontent</subfield></datafield><datafield ind1=' ' ind2=' ' tag='337'><subfield code='a'>Bez urządzenia pośredniczącego</subfield><subfield code='b'>n</subfield><subfield code='2'>rdamedia</subfield></datafield><datafield ind1=' ' ind2=' ' tag='338'><subfield code='a'>Wolumin</subfield><subfield code='b'>nc</subfield><subfield code='2'>rdacarrier</subfield></datafield><datafield ind1=' ' ind2=' ' tag='380'><subfield code='a'>Książki</subfield></datafield><datafield ind1=' ' ind2=' ' tag='500'><subfield code='a'>Nazwa aut.: Aleksander Głowacki.</subfield></datafield><datafield ind1=' ' ind2='7' tag='648'><subfield code='a'>1801-1900</subfield><subfield code='2'>DBN</subfield></datafield><datafield ind1=' ' ind2='7' tag='650'><subfield code='a'>Opowiadanie polskie</subfield><subfield code='y'>19 w.</subfield><subfield code='2'>DBN</subfield></datafield><datafield ind1=' ' ind2='7' tag='655'><subfield code='a'>Opowiadanie polskie</subfield><subfield code='y'>19 w.</subfield><subfield code='2'>DBN</subfield></datafield><datafield ind1='1' ind2=' ' tag='700'><subfield code='a'>Gorecka-Wencel, Krystyna</subfield><subfield code='e'>Il.</subfield></datafield><datafield ind1='1' ind2='2' tag='700'><subfield code='a'>Prus, Bolesław</subfield><subfield code='d'>(1847-1912).</subfield><subfield code='t'>Katarynka</subfield></datafield><datafield ind1='1' ind2='2' tag='700'><subfield code='a'>Prus, Bolesław</subfield><subfield code='d'>(1847-1912).</subfield><subfield code='t'>Z legend dawnego Egiptu</subfield></datafield><datafield ind1='2' ind2=' ' tag='710'><subfield code='a'>Wydawnictwo &quot;Kama&quot;</subfield><subfield code='4'>pbl</subfield></datafield><datafield ind1=' ' ind2=' ' tag='852'><subfield code='b'>48OMNIS_NETWORK</subfield><subfield code='8'>9912835217205606</subfield></datafield><datafield ind1=' ' ind2=' ' tag='852'><subfield code='b'>48OMNIS_PAR</subfield><subfield code='8'>991000000819807912</subfield></datafield><datafield ind1=' ' ind2=' ' tag='852'><subfield code='b'>48OMNIS_LO1</subfield><subfield code='8'>991000004249208006</subfield></datafield><datafield ind1=' ' ind2=' ' tag='852'><subfield code='8'>224908500007912</subfield><subfield code='j'>1</subfield><subfield code='b'>PAR_3_2</subfield><subfield code='p'>121000133250</subfield><subfield code='c'>F_DZIAL_KS</subfield></datafield><datafield ind1=' ' ind2=' ' tag='852'><subfield code='8'>2210244820008006</subfield><subfield code='j'>1</subfield><subfield code='b'>LO1_6_1</subfield><subfield code='p'>000025825000</subfield><subfield code='c'>LO1_6_1_1</subfield></datafield><datafield ind1=' ' ind2=' ' tag='920'><subfield code='a'>83-85497-86-2</subfield></datafield></record>
  </collection>
</resp>
